Music Quiz

Random Music or Broadway Quiz

Name Broadway Song Quiz Stats

 Plays Quiz not verified by Sporcle

Score 0/20 Timer 10:00
0 Plays Today
character song % Correct
ArielA Part of Your World
74.6%
Mrs. PottsBeauty and the Beast
64.8%
Raoul and ChristineAll I Ask of You
59.3%
Mark and JoannTango: Maureen
59.3%
Maria and TonyTonight
57.2%
TonyMaria
55.9%
Belle, Gaston, and ChorusBelle
55.9%
Joann and MaureenTake Me or Leave Me
55.5%
RodgerOne Song Glory
53.8%
Galinda and ElphbaWhat is this feeling?
53.4%
character song % Correct
ElphbaThe Wizard and I
50.4%
MimiLight My Candle
39.4%
Elphba and FyeroAs Long as Your Mine
39%
RoseRose's Turn
38.6%
Rodger and MarkWhat You Own
36.4%
ElphbaI'm Not That Girl
36%
AngelToday 4U
30.5%
RiffJet Song
19.1%
Baby JuneLet Me Entertain You
18.6%
Graverobber21st Century Cure
1.7%

You're not logged in!

Compare scores with friends on all Sporcle quizzes.
OR
Log In

Sporcle TV

Today on Sporcle TV


Watch our educational content, quiz creation guides, and fun videos on Sporcle TV.

Show Comments

Extras

Top Quizzes Today


Score Distribution

Your Account Isn't Verified!

In order to create a playlist on Sporcle, you need to verify the email address you used during registration. Go to your Sporcle Settings to finish the process.

Report this User

Report this user for behavior that violates our Community Guidelines.

Details: